Vite et bien 2 : méthode rapide pour adultes
Saved in:
| Main Author: | |
|---|---|
| Format: | Book |
| Language: | French |
| Published: |
[Paris] :
CLE International,
c2010.
|
| Subjects: | |
| Tags: |
Add Tag
No Tags, Be the first to tag this record!
|
MARC
| LEADER | 00000cam a2200000 i 4500 | ||
|---|---|---|---|
| 001 | 1/65641 | ||
| 008 | 150202s2010 fr | ||| |||| ||fre|| | ||
| 020 | |a 9782090352757 | ||
| 035 | |l 10120832 | ||
| 040 | |a GR-MyUa |b gre |e AACR2 | ||
| 041 | 0 | |a fre | |
| 082 | 7 | |a 448.24 |2 (23) | |
| 100 | 1 | |a Leroy-Miquel, Claire. | |
| 245 | 1 | 0 | |a Vite et bien 2 : |b méthode rapide pour adultes / |c Claire Miquel. |
| 260 | |a [Paris] : |b CLE International, |c c2010. | ||
| 300 | |a 191 σ. : |b εικ. ; |c 29 εκ. + |e 1 δίσκος cd (4 3/4 ίν.) | ||
| 500 | |a Περιλαμβάνει ευρετήριο. | ||
| 650 | 0 | |a French language |x Textbooks for foreign speakers. | |
| 650 | 0 | |a French language |x Grammar. | |
| 852 | |a INST |b SYROS |c EUDOXUS |e 20150202 |h 448.24 LER |p 005500012181 |q 005500012181 |t EDX |y 0 | ||
| 852 | |a INST |b SYROS |c EUDOXUS |e 20150202 |h 448.24 LER |p 005500012180 |q 005500012180 |t EDX |y 0 | ||
| 901 | |a BIBL5-2015-1 | ||
| 920 | |a Εύδοξος |b Παραγγελία |y Σύρος-ΤΜΣΠΣ |z 2015-01 | ||
| 970 | |a Κοντού |b Παρασκευή |z 2015/02/02 | ||